000 00381 a2200157 4500
001 167034
020 _a
040 _cMagnum
100 _aBatista, Antonio Augusto Gomes (Org.)
240 1 0 _aLeitura: praticas, impressos, letramentos
_lpor
245 1 0 _aLeitura: praticas, impressos, letramentos
362 0 _a1899
440 1 _aAutĂȘntica
697 _aGERAL
942 _cBK
999 _c167034
_d167034